| 000 | 00931cam a2200229 4500 | ||
|---|---|---|---|
| 008 | 041125n2002 000 0 eng u | ||
| 020 | _a0750650842 | ||
| 035 | _a(Sirsi) u128141 | ||
| 041 | _aeng. | ||
| 050 |
_a693.5 _c18 |
||
| 100 | _aElliott, K. | ||
| 245 | _aPrecast concrete structures | ||
| 260 |
_aOxford _bButterworth-Heinemann _c2002 |
||
| 300 |
_axi, 375p. _bill. _c2002 |
||
| 350 | _a39.99 | ||
| 520 | _aIntroductory text on precast concrete structures. Examines the subject in detail, looking at the design process, manufacture and construction using precast concrete for multi-storey buildings. Detailed structural analysis of the material and its use is provided, with the theory supported by practical case studies and worked examples. | ||
| 650 | _aPRECAST CONCRETE | ||
| 650 | _aMULTI STOREY BUILDINGS | ||
| 650 | _aREINFORCED CONCRETE | ||
| 690 | _aBUILT ENVIRONMENT-BUILDING MATERIALS | ||
| 942 | _n0 | ||
| 999 |
_c103873 _d103873 |
||